Statystyki dla Szybkie pisanie do 100

Kliknij tutaj aby rozwiązać quiz!

Ogólne statystyki

  • Ten quiz został rozwiązany 56,733 razy
  • Średni wynik to 67 z 100

Statystyki odpowiedzi

# % Correct
1
100%
2
100%
3
99%
5
99%
6
99%
7
99%
8
99%
9
99%
4
99%
12
97%
10
96%
11
96%
13
96%
16
95%
14
95%
15
95%
17
94%
18
94%
19
94%
23
94%
21
93%
22
93%
20
92%
24
92%
25
92%
27
91%
26
91%
28
90%
29
90%
32
90%
30
89%
31
89%
33
89%
34
89%
35
87%
36
86%
37
86%
38
85%
39
84%
40
83%
43
83%
44
83%
41
82%
42
82%
45
82%
46
79%
47
78%
48
77%
49
76%
50
75%
55
74%
51
73%
52
72%
54
72%
53
71%
56
71%
57
67%
58
65%
59
63%
60
62%
66
59%
61
59%
62
58%
64
57%
65
57%
63
57%
67
54%
68
50%
69
49%
70
48%
77
45%
71
45%
72
44%
73
43%
74
42%
75
41%
76
41%
78
39%
80
34%
79
34%
81
33%
88
33%
82
32%
83
32%
84
31%
85
30%
99
29%
87
29%
86
28%
90
28%
89
28%
91
26%
92
26%
93
25%
100
25%
94
24%
98
24%
95
23%
96
23%
97
22%

Rozkład punktacji

Percentyl według liczby udzielonych odpowiedzi

Procent ludzi z każdym wynikiem

Twoja historia wyników

Nie rozwiązałeś tego quizu